Φυλή, φύση και πολιτισμός : μια ανθρωπολογική προσέγγιση
Αποθηκεύτηκε σε:
| Κύριος συγγραφέας: | |
|---|---|
| Άλλοι συγγραφείς: | , , , |
| Μορφή: | Βιβλίο |
| Γλώσσα: | Greek English |
| Δημοσίευση: |
Αθήνα :
Πολύτροπον,
2009.
|
| Σειρά: | Ανθρωπολογία (Πολύτροπον)
|
| Θέματα: | |
| Ετικέτες: |
Προσθήκη ετικέτας
Δεν υπάρχουν, Καταχωρήστε ετικέτα πρώτοι!
|
MARC
| LEADER | 00000cam a2200000 i 4500 | ||
|---|---|---|---|
| 001 | 1/3292 | ||
| 008 | 100118s2009 gr | ||| |||| ||gre|| | ||
| 020 | |a 978960684020- | ||
| 035 | |l 10106323 | ||
| 040 | |a GR-MyUA |b gre |e AACR2 | ||
| 041 | 1 | |a gre |h eng | |
| 082 | 0 | |a 305.8 |2 (22) | |
| 100 | 1 | |a Wade, Peter, |d 1957- | |
| 245 | 1 | 0 | |a Φυλή, φύση και πολιτισμός : |b μια ανθρωπολογική προσέγγιση / |c Peter Wade ; μετάφραση Νεφέλη Κατσαφούρου, Νίκος Γεωργαντίδης ; επιστημονική επιμέλεια Αίγλη Χατζούλη ; εισαγωγή στην ελληνική έκδοση Αλεξάνδρα Μπακαλάκη. |
| 260 | |a Αθήνα : |b Πολύτροπον, |c 2009. | ||
| 300 | |a 323 σ. ; |c 21 εκ. | ||
| 490 | 1 | |a (Ανθρωπολογία / Πολύτροπον) | |
| 500 | |a Μετάφραση από τα αγγλικά | ||
| 500 | |a Τίτλος πρωτοτύπου: Race, nature and culture. | ||
| 504 | |a Περιέχει βιβλιογραφικές παραπομπές και ευρετήριο. | ||
| 650 | 0 | 0 | |a Race. |
| 650 | 0 | 0 | |a Race relations. |
| 650 | 0 | 0 | |a Culture. |
| 650 | 0 | 0 | |a Kinship. |
| 650 | 0 | 0 | |a Sociobiology. |
| 700 | 1 | |a Κατσαφούρου, Νεφέλη, |e trlf | |
| 700 | 1 | |a Γεωργαντίδης, Νίκος, |e trl | |
| 700 | 1 | |a Χατζούλη, Αίγλη, |e edtf | |
| 700 | 1 | |a Μπακαλάκη, Αλεξάνδρα, |e aui | |
| 830 | 0 | |a Ανθρωπολογία (Πολύτροπον) | |
| 852 | |a INST |b LESVOS |e 20100118 |h 305.8 WAD |p 005100045972 |q 005100045972 |t BK |y 0 | ||
| 852 | |a INST |b LESVOS |c EUDOXUS |e 20130304 |h 305.8 WAD |p 005100051818 |q 005100051818 |t EDX |y 0 | ||
| 901 | |a BIBL1-2010-1 | ||
| 901 | |a BIBL1-2013-1 | ||
| 920 | |a ΕΥΔΟΞΟΣ |b ΠΑΡΑΓΓΕΛΙΑ |y Λέσβος-ΤΚ |z 2013-02 | ||
| 970 | |a ΚΑΡΑ |b ΓΙΑΣΕΜΗ |z 2010/01/18 | ||